<?xml version="1.0" encoding="UTF-8"?>
<record
    xmlns:xsi="http://www.w3.org/2001/XMLSchema-instance"
    xsi:schemaLocation="http://www.loc.gov/MARC21/slim http://www.loc.gov/standards/marcxml/schema/MARC21slim.xsd"
    xmlns="http://www.loc.gov/MARC21/slim">

  <leader>01034nam a22001577a 4500</leader>
  <controlfield tag="008">200311b        xxu||||| |||| 00| 0 eng d</controlfield>
  <datafield tag="020" ind1=" " ind2=" ">
    <subfield code="a">9780132145398</subfield>
  </datafield>
  <datafield tag="050" ind1=" " ind2=" ">
    <subfield code="a">HF1017.D646</subfield>
  </datafield>
  <datafield tag="100" ind1=" " ind2=" ">
    <subfield code="a">Donnelly, Robert A. </subfield>
  </datafield>
  <datafield tag="245" ind1=" " ind2=" ">
    <subfield code="a">Business Statistics. /</subfield>
    <subfield code="c">Robert A. Donnelly.</subfield>
  </datafield>
  <datafield tag="260" ind1=" " ind2=" ">
    <subfield code="a">Upper Saddle River :</subfield>
    <subfield code="b">Pearson Education, Inc.,</subfield>
    <subfield code="c">2013.</subfield>
  </datafield>
  <datafield tag="300" ind1=" " ind2=" ">
    <subfield code="a">xxxi, 946 p :</subfield>
    <subfield code="b">ill. (col) ;</subfield>
    <subfield code="c">28 cm.</subfield>
  </datafield>
  <datafield tag="500" ind1=" " ind2=" ">
    <subfield code="a">Includes appendix and index.</subfield>
  </datafield>
  <datafield tag="505" ind1=" " ind2=" ">
    <subfield code="a">Content: An introduction to business statistics -- Displaying descriptive statistics -- Calculating descriptive statistics -- Introduction to probabilities -- Discrete probability distributions -- Sampling and sampling distributions -- Confidence intervals -- Hypothesis testing for a single population -- Hypothesis tests comparing two populations -- Analysis of variance (ANOVA) procedures -- Chi-square tests -- Hypothesis tests for the population variance -- Correlation and simple regression analyses -- Multiple regressions and model building -- Forecasting.</subfield>
  </datafield>
  <datafield tag="942" ind1=" " ind2=" ">
    <subfield code="2">lcc</subfield>
    <subfield code="c">BK</subfield>
  </datafield>
  <datafield tag="999" ind1=" " ind2=" ">
    <subfield code="c">7167</subfield>
    <subfield code="d">14667</subfield>
  </datafield>
  <datafield tag="952" ind1=" " ind2=" ">
    <subfield code="0">0</subfield>
    <subfield code="1">0</subfield>
    <subfield code="2">lcc</subfield>
    <subfield code="4">0</subfield>
    <subfield code="7">0</subfield>
    <subfield code="a">WIUC-1</subfield>
    <subfield code="b">WIUC-1</subfield>
    <subfield code="c">REF</subfield>
    <subfield code="d">2020-03-12</subfield>
    <subfield code="l">0</subfield>
    <subfield code="o">HF1017.D646</subfield>
    <subfield code="p">8617/069/20</subfield>
    <subfield code="r">2020-03-12 00:00:00</subfield>
    <subfield code="t">1</subfield>
    <subfield code="w">2020-03-12</subfield>
    <subfield code="y">BK</subfield>
  </datafield>
  <datafield tag="952" ind1=" " ind2=" ">
    <subfield code="0">0</subfield>
    <subfield code="1">0</subfield>
    <subfield code="2">lcc</subfield>
    <subfield code="4">0</subfield>
    <subfield code="7">0</subfield>
    <subfield code="a">WIUC-1</subfield>
    <subfield code="b">WIUC-1</subfield>
    <subfield code="c">REF</subfield>
    <subfield code="d">2020-03-12</subfield>
    <subfield code="l">0</subfield>
    <subfield code="o">HF1017.D6461</subfield>
    <subfield code="p">8618/070/20</subfield>
    <subfield code="r">2020-03-12 00:00:00</subfield>
    <subfield code="t">2</subfield>
    <subfield code="w">2020-03-12</subfield>
    <subfield code="y">BK</subfield>
  </datafield>
  <datafield tag="952" ind1=" " ind2=" ">
    <subfield code="0">0</subfield>
    <subfield code="1">0</subfield>
    <subfield code="2">lcc</subfield>
    <subfield code="4">0</subfield>
    <subfield code="7">0</subfield>
    <subfield code="a">WIUC-1</subfield>
    <subfield code="b">WIUC-1</subfield>
    <subfield code="c">REF</subfield>
    <subfield code="d">2020-03-12</subfield>
    <subfield code="l">0</subfield>
    <subfield code="o">HF1017.D6462</subfield>
    <subfield code="p">8619/071/20</subfield>
    <subfield code="r">2020-03-12 00:00:00</subfield>
    <subfield code="t">3</subfield>
    <subfield code="w">2020-03-12</subfield>
    <subfield code="y">BK</subfield>
  </datafield>
  <datafield tag="952" ind1=" " ind2=" ">
    <subfield code="0">0</subfield>
    <subfield code="1">0</subfield>
    <subfield code="2">lcc</subfield>
    <subfield code="4">0</subfield>
    <subfield code="7">0</subfield>
    <subfield code="a">WIUC-1</subfield>
    <subfield code="b">WIUC-1</subfield>
    <subfield code="c">CC</subfield>
    <subfield code="d">2020-03-12</subfield>
    <subfield code="l">0</subfield>
    <subfield code="o">HF1017.D6463</subfield>
    <subfield code="p">927/045/20</subfield>
    <subfield code="r">2020-05-26 00:00:00</subfield>
    <subfield code="t">4</subfield>
    <subfield code="w">2020-03-12</subfield>
    <subfield code="y">BK</subfield>
  </datafield>
  <datafield tag="952" ind1=" " ind2=" ">
    <subfield code="0">0</subfield>
    <subfield code="1">0</subfield>
    <subfield code="2">lcc</subfield>
    <subfield code="4">0</subfield>
    <subfield code="7">0</subfield>
    <subfield code="a">WIUC-1</subfield>
    <subfield code="b">WIUC-1</subfield>
    <subfield code="c">CC</subfield>
    <subfield code="d">2020-03-12</subfield>
    <subfield code="l">0</subfield>
    <subfield code="o">HF1017.D6464</subfield>
    <subfield code="p">928/046/20</subfield>
    <subfield code="r">2020-05-26 00:00:00</subfield>
    <subfield code="t">5</subfield>
    <subfield code="w">2020-03-12</subfield>
    <subfield code="y">BK</subfield>
  </datafield>
  <datafield tag="952" ind1=" " ind2=" ">
    <subfield code="0">0</subfield>
    <subfield code="1">0</subfield>
    <subfield code="2">lcc</subfield>
    <subfield code="4">0</subfield>
    <subfield code="7">0</subfield>
    <subfield code="a">WIUC-1</subfield>
    <subfield code="b">WIUC-1</subfield>
    <subfield code="c">CC</subfield>
    <subfield code="d">2020-03-12</subfield>
    <subfield code="l">0</subfield>
    <subfield code="o">HF1017.D6465</subfield>
    <subfield code="p">929/047/20</subfield>
    <subfield code="r">2020-05-26 00:00:00</subfield>
    <subfield code="t">6</subfield>
    <subfield code="w">2020-03-12</subfield>
    <subfield code="y">BK</subfield>
  </datafield>
</record>
